Movie Titles by Synonyms / Word Definitions (Romcoms & ChickFlicks) - Statistics

General Stats
  • This quiz has been taken 604 times
  • The average score is 3 of 13
Answer Stats
Hint Answer % Correct
[good-looking] [lady] Pretty Woman
96%
[a district of NW central London] [high ground] Notting Hill
52%
[deep affection] [in truth] Love Actually
49%
[jump over] [twelve-month period] Leap Year
48%
[soiled] [pirouetting] Dirty Dancing
34%
The [repugnant] [factuality] The Ugly Truth
20%
The [journey] The Holiday
15%
The [stupendous] [a person who makes bread] [lads] The Fabulous Baker Boys
11%
[(in the first person) expressing the future tense] [used by a speaker to refer to himself or herself and one or more other people considered together] [move rhythmically to music] Shall We Dance
7%
[infant] [upswing] Baby Boom
6%
[not any] [a qualification to an expression of agreement or approval] No Reservations
1%
[reason] [used to connect words of the same part of speech] [the ability to appreciate and respond to complex emotional or aesthetic influences] Sense and Sensibility
1%
[very nearly] [used in the normal subject or object position when a more specific subject or object is given later in the sentence] [enter or reach a specified state or condition] As Good as It Gets
0%
No matching quizzes found
Score Distribution
Percent of People with Each Score
Percentile by Number Answered
Your Score History
You have not taken this quiz